Мотивация поведения: биологические, когнитивные и социальные аспекты. (Запис № 317469)

МАРК-запис
000 -Лідер
fixed length control field 00701nam a22002657a 4500
003 - Ідентифікатор контрольного номера
control field UA-OsUOA
001 - Контрольний номер
control field 31048
007 - Фіксоване поле фізичного опису
fixed length control field ta
008 - Елементи даних фіксованої довжини – загальна інформація
fixed length control field 20041125b un ||||| |||| 00| 0 ukr d
090 ## - Локальний шифр розміщення
Класифікаційний індекс УДК 159.947
Авторський знак (НП) Ф93
040 ## - Джерело каталогізації
Агенція оригінальної каталогізації UA-OsUOA
Мова каталогізації rus
Агенція, яка здійснювала перезапис UA-OsUOA
Агенція, яка здійснювала модифікацію UA-OsUOA
041 ## - Код мови
Код мови тексту/ звукової доріжки чи окремого заголовка (П) rus
080 ## - Індекс Універсальної десяткової класифікації
Індекс Універсальної десяткової класифікації (УДК) (НП) 159.947
020 ## - Міжнародний стандартний книжковий номер (ISBN)
Міжнародний стандартний книжковий номер (ISBN) (НП) 5-94723-052-6
044 ## - Код країни видавця/ виробника
Код країни видавця/ виробника (П) RU
100 ## - Основне введення – ім’я особи
Ім’я особи (НП) Фрэнкин Роберт
245 ## - Відомості про назву
Назва (НП) Мотивация поведения: биологические, когнитивные и социальные аспекты.
260 ## - Публікація, розповсюдження і т.п. (Вихідні дані)
Місце публікації, розповсюдження і т.п. (П) Спб
Ім’я/ наймення видавництва, розповсюджувача і т.п. (П) Питер
Дата публікації, розповсюдження і т.п. (П) 2003
250 ## - Відомості про видання (редакцію)
-- 5-е изд.
300 ## - Фізичний опис
Обсяг 651 с.
650 #7 - Додаткове предметне введення – тематичний термін
Джерело заголовка чи терміна UDC
942 ## - Додаткові елементи входу (Коха)
Тип елемента Koha Книги
955 ## - Код типу видання за змістом
Код типу видання за змістом (НП) інше
Фонди
Стан вилучень Стан втрат Джерело класифікації або схеми стелажів Стан уражень Не для кредиту Постійне місце розташування Поточне розміщення Дата придбання Вартість, звичайна ціна покупки Інвентарний номер Усього замовленно Повний номер виклику Штрих-код Дата останнього перегляду Ціна ефективна від Тип елемента Koha
    Universal Decimal Classification     ЧЗ - Читальна зала ЧЗ - Читальна зала 25/11/2004 71.10 81294   159.947 Ф93 81294 09/02/2022 25/11/2004 Книги